[Event "AUTO-OPEN-213"]
[Site "http://www.queenalice.com/game.php?id=50470"]
[Date "2006.2.1"]
[Round "1"]
[White "SGrillo"]
[Black "TheChampIsHere"]
[Result "1/2-1/2"]
[WhiteElo "1664"]
[BlackElo "1500"]

1. e4 c6 2. d4 d5 3. e5 e6 4. Nf3 c5 5. c3 Nc6 6. Bb5 Bd7 7. Bxc6 Bxc6 8. O-O
cxd4 9. cxd4 Bb4 10. Bd2 Bxd2 11. Qxd2 Ne7 12. Nc3 O-O 13. Rac1 Rc8 14. Ne2 Nf5
15. h3 Nh4 16. Nxh4 Qxh4 17. Qf4 Qxf4 18. Nxf4 f6 19. exf6 Rxf6 20. Nd3 Rcf8 21.
Nb4 Rc8 22. Nxc6 Rxc6 23. Rxc6 bxc6 24. Rc1 Rf4 25. Rxc6 Rxd4 26. Rxe6 Rd1+ 27.
Kh2 Rd2 28. Rd6 Rxf2 29. Rxd5 Rxb2 30. Ra5 Rb7 1/2-1/2

[Event "AUTO-OPEN-213"]
[Site "http://www.queenalice.com/game.php?id=50471"]
[Date "2006.2.1"]
[Round "1"]
[White "TheChampIsHere"]
[Black "compras_marcelo"]
[Result "1-0"]
[WhiteElo "1611"]
[BlackElo "1155"]

1. Nf3 Nc6 2. c4 b5 3. cxb5 Nb4 4. Ne5 d6 5. Qb3 dxe5 6. Qxb4 Rb8 7. e3 c6 8.
Qc5 Qd7 9. bxc6 Qg4 10. Qxa7 Nf6 11. Qxb8 g6 12. Qxe5 Bg7 13. h3 Rg8 14. hxg4
Nxg4 15. Qd5 Nxf2 16. c7 Nxh1 17. Qd8# 1-0

[Event "AUTO-OPEN-213"]
[Site "http://www.queenalice.com/game.php?id=50472"]
[Date "2006.2.1"]
[Round "1"]
[White "compras_marcelo"]
[Black "TheChampIsHere"]
[Result "1-0"]
[WhiteElo "1155"]
[BlackElo "1361"]

1. c4 e5 2. g4 d6 3. b4 Bxg4 4. Nc3 Nc6 5. e4 Bxd1 6. Kxd1 Nxb4 7. Ba3 c5 8. Nd5
Nxd5 9. cxd5 Nf6 10. Bh3 Qa5 11. Rb1 Qxa3 12. Ra1 Nxe4 13. Ne2 Nxf2+ 14. Kc2
Nxh1 15. Nc3 Nf2 16. Bf5 Be7 17. Nb1 Qa4+ 18. Kc1 Qd4 19. Nc3 1-0

[Event "AUTO-OPEN-213"]
[Site "http://www.queenalice.com/game.php?id=50473"]
[Date "2006.2.1"]
[Round "1"]
[White "TheChampIsHere"]
[Black "Kaspov"]
[Result "0-1"]
[WhiteElo "1582"]
[BlackElo "1123"]

1. d4 d5 2. c4 e6 3. Nc3 Bb4 4. Bd2 Nf6 5. a3 Bxc3 6. Bxc3 dxc4 7. Qa4+ Bd7 8.
Qxc4 Nc6 9. g3 O-O 10. Bg2 b5 11. Qxb5 Nxd4 12. Qd3 Nb3 13. Rd1 Rb8 14. Bxf6
Qxf6 15. Qxd7 Rbd8 16. Qb5 Rxd1+ 17. Kxd1 Qxb2 0-1

[Event "AUTO-OPEN-213"]
[Site "http://www.queenalice.com/game.php?id=50474"]
[Date "2006.2.1"]
[Round "1"]
[White "Kaspov"]
[Black "TheChampIsHere"]
[Result "1-0"]
[WhiteElo "1323"]
[BlackElo "1337"]

1. e4 e5 2. Nf3 Nc6 3. Bb5 Nge7 4. Nc3 a6 5. Ba4 g6 6. d3 Bg7 7. Bg5 f6 8. Be3
b5 9. Bb3 Na5 10. Qd2 Nxb3 11. axb3 Bb7 12. Bh6 Bxh6 13. Qe2 Nc6 14. O-O Qe7 15.
Nd5 Qd6 16. c4 bxc4 17. bxc4 Nb4 18. c5 Qxc5 19. Nxf6+ Kd8 20. Ng4 Bg7 21. Rfc1
Qb5 22. Rc4 1-0

[Event "AUTO-MASTER-107"]
[Site "http://www.queenalice.com/game.php?id=53902"]
[Date "2006.2.20"]
[Round "1"]
[White "mfrezman"]
[Black "TheChampIsHere"]
[Result "1-0"]
[WhiteElo "1519"]
[BlackElo "1530"]

1. d4 f5 2. Nf3 e6 3. Bf4 Be7 4. e3 g5 5. Be5 Bf6 6. d5 Bxe5 7. Nxe5 Qf6 8. Nd3
exd5 9. c3 b6 10. Qf3 Bb7 11. g3 Na6 12. Bg2 1-0

[Event "AUTO-MASTER-107"]
[Site "http://www.queenalice.com/game.php?id=53903"]
[Date "2006.2.20"]
[Round "1"]
[White "TheChampIsHere"]
[Black "mfrezman"]
[Result "0-1"]
[WhiteElo "1571"]
[BlackElo "1599"]

1. e4 g6 2. d3 Nf6 3. Ne2 d6 4. Bg5 Bg7 5. Nbc3 O-O 6. Bxf6 Bxf6 7. Qd2 c6 8.
O-O-O e5 9. f4 Bg4 10. h3 Be6 11. Ng3 exf4 12. Qxf4 Bg5 0-1

[Event "AUTO-MASTER-107"]
[Site "http://www.queenalice.com/game.php?id=53926"]
[Date "2006.2.20"]
[Round "1"]
[White "TheChampIsHere"]
[Black "dmdagnone"]
[Result "0-1"]
[WhiteElo "1611"]
[BlackElo "1694"]

1. d4 Nf6 2. c4 d5 3. Nc3 e6 4. Bg5 h6 5. Bxf6 Qxf6 6. cxd5 exd5 7. Nxd5 Qc6 8.
e4 Be6 9. Rc1 Bb4+ 10. Ke2 Qb5+ 11. Kf3 Qd7 12. Nxb4 Bg4+ 0-1

[Event "AUTO-MASTER-107"]
[Site "http://www.queenalice.com/game.php?id=53927"]
[Date "2006.2.20"]
[Round "1"]
[White "dmdagnone"]
[Black "TheChampIsHere"]
[Result "1-0"]
[WhiteElo "1640"]
[BlackElo "1320"]

1. Nf3 d5 2. e3 Bg4 3. Be2 Nf6 4. h3 Bf5 5. g4 Be4 6. Nc3 Bxf3 7. Bxf3 h6 8. d4
e6 9. Bd2 Nc6 10. Qe2 a6 11. O-O-O Qd7 12. e4 Nxd4 13. Qd3 Nxf3 14. Qxf3 O-O-O
15. g5 Nxe4 16. Nxe4 dxe4 17. Qxe4 Qb5 18. b3 Ba3+ 19. Kb1 1-0

[Event "AUTO-MASTER-108"]
[Site "http://www.queenalice.com/game.php?id=54364"]
[Date "2006.2.23"]
[Round "1"]
[White "TheChampIsHere"]
[Black "Maxwell"]
[Result "0-1"]
[WhiteElo "1445"]
[BlackElo "1881"]

1. Nf3 d5 2. d4 Nf6 3. Bg5 e6 4. g3 c5 5. Bg2 Nbd7 6. Ne5 Be7 7. Nxd7 Bxd7 8.
dxc5 Bxc5 9. O-O h6 10. Bxf6 Qxf6 11. c3 O-O 12. b4 Bxb4 13. a3 Bxc3 14. Nxc3
Qxc3 15. a4 Bc6 16. Rc1 Qf6 17. h4 Rfd8 18. e3 Rd7 0-1